| 000 | 00457ntaaa2200169 4500 | ||
|---|---|---|---|
| 003 | 01 | ||
| 005 | 20251027203006.0 | ||
| 008 | 0714s1973 ag 01 | ||
| 040 |
_aAR-BaBN _bspa _cAR-BaBN _eaacr _dRIC |
||
| 100 |
_aCronin, A. J. _930946 |
||
| 245 |
_aAdventures in two worlds / _cA. J. Cronin |
||
| 260 |
_aNew York : _bBantam Book, _c1962 |
||
| 300 | _a283 p. | ||
| 500 | _aBAJA PATRIMONIAL POR OBSOLESCENCIA 20180814 | ||
| 650 |
_aNovela _96781 |
||
| 942 | _cBK | ||
| 999 |
_c25340 _d25340 |
||